| 000 | 00500cam a22001697a 4500 | ||
|---|---|---|---|
| 020 | _a041528788X | ||
| 040 | _cUKM | ||
| 082 | 0 | 4 | _a538 TAY 2003 A062 Or. |
| 245 | 0 | 0 | _aAdvances in nonlinear dynamos / |
| 260 |
_aLondon : _bTaylor & Francis, _c2003. |
||
| 300 |
_aix, 384 p. : _bill. ; _c26 cm. |
||
| 650 | 0 | _aDynamo theory (Cosmic physics) | |
| 700 | 1 | _aFerriz-Mas, Antonio. | |
| 700 | 1 | _aNúñez, Manuel. | |
| 856 | 4 | 2 | _uhttp://www.loc.gov/catdir/enhancements/fy0646/2005281012-d.html |
| 942 | _cEK | ||
| 999 |
_c15056 _d15056 |
||